00974nam a22002657a 4500003000400000005001700004008004100021020001800062020001800080040001700098082002400115100001700139245010400156250001900260260003400279300006700313500012800380650003200508650006100540650002500601700002300626700002700649942001400676999001800690OSt20250614144620.0250614b 2021us a|||| i||| 00| 0 eng d a9781108965910 a9781108984447 aMa-UncMa-Un 222a543.08585 bSEC 4Sun, Ellen X a Core radiology : a visual approach to diagnostic imaging /cEllen X. Sun Junzi Shi, Jacob Mandell aSecond edition aNew York :bCambridge :c2021 a2 volumes : illustrations (black and white, and colour); 28 cm aVolume 1: 1. Thorasic Imaging 2. Gastrointestinal Imaging 3. Genitourinary Imaging 4. Obstetrical Imaging 5. Breast Imaging a Diagnostic Imaging9119949 a Diagnostic ImagingxImagerie pour le diagnostic9119950 aRadiography, Medical aShi, Junzi9119951 aMandell, Jacob9119952 2ddccBOOK c86714d323991